<?xml version="1.0" encoding="UTF-8"?>
<collection xmlns:xsi="http://www.w3.org/2001/XMLSchema-instance" xsi:schemaLocation="http://www.loc.gov/MARC21/slim http://www.loc.gov/standards/marcxml/schema/MARC21slim.xsd" xmlns="http://www.loc.gov/MARC21/slim">
 <record>
  <leader>00000nam a2200000 n 4500</leader>
  <controlfield tag="001">UP-1685506469195178346</controlfield>
  <controlfield tag="003">Buklod</controlfield>
  <controlfield tag="005">20240801110156.0</controlfield>
  <controlfield tag="006">aa    r     001 0 </controlfield>
  <controlfield tag="007">ta</controlfield>
  <controlfield tag="008">230405s2017    enka    r   b 001 0 eng d</controlfield>
  <datafield tag="020" ind1=" " ind2=" ">
   <subfield code="a">9781509501571 (paperback)</subfield>
  </datafield>
  <datafield tag="035" ind1=" " ind2=" ">
   <subfield code="a">19602267</subfield>
  </datafield>
  <datafield tag="037" ind1=" " ind2=" ">
   <subfield code="a">CHK-6172</subfield>
   <subfield code="b">Belview</subfield>
   <subfield code="c">Php1725.00</subfield>
  </datafield>
  <datafield tag="040" ind1=" " ind2=" ">
   <subfield code="a">DLC</subfield>
   <subfield code="d">DCHK</subfield>
   <subfield code="e">rda</subfield>
  </datafield>
  <datafield tag="041" ind1=" " ind2=" ">
   <subfield code="a">eng</subfield>
  </datafield>
  <datafield tag="090" ind1=" " ind2=" ">
   <subfield code="a">GV 706.5</subfield>
   <subfield code="b">G78 2017</subfield>
  </datafield>
  <datafield tag="100" ind1="1" ind2=" ">
   <subfield code="a">Gruneau, Richard S.</subfield>
   <subfield code="d">1948-</subfield>
   <subfield code="e">author</subfield>
  </datafield>
  <datafield tag="245" ind1="1" ind2="0">
   <subfield code="a">Sport and modernity</subfield>
   <subfield code="c">Richard Gruneau.</subfield>
  </datafield>
  <datafield tag="264" ind1=" " ind2="1">
   <subfield code="a">Cambridge, UK</subfield>
   <subfield code="a">Malden, MA, USA</subfield>
   <subfield code="b">Polity Press</subfield>
   <subfield code="c">[2017]</subfield>
  </datafield>
  <datafield tag="300" ind1=" " ind2=" ">
   <subfield code="a">x, 246 pages</subfield>
   <subfield code="b">illustrations</subfield>
   <subfield code="c">23 cm</subfield>
  </datafield>
  <datafield tag="336" ind1=" " ind2=" ">
   <subfield code="a">text</subfield>
   <subfield code="2">rdacontent</subfield>
  </datafield>
  <datafield tag="337" ind1=" " ind2=" ">
   <subfield code="a">unmediated</subfield>
   <subfield code="2">rdamedia</subfield>
  </datafield>
  <datafield tag="338" ind1=" " ind2=" ">
   <subfield code="a">volume</subfield>
   <subfield code="2">rdacarrier</subfield>
  </datafield>
  <datafield tag="504" ind1=" " ind2=" ">
   <subfield code="a">Includes bibliographical references and index</subfield>
  </datafield>
  <datafield tag="505" ind1="0" ind2=" ">
   <subfield code="a">Athletics, body imagery and spectacle : Greco-Roman practices, discourses and ideologies -- The politics of representation : English sport as an object and project of modernity -- &quot;Staging&quot; (capitalist/colonial) modernity : international exhibitions and Olympics -- German modernism, anti-modernism and the critical theory of sport -- A savage sorting of &quot;winners&quot; and &quot;losers&quot; : modernization, development, sport, and the challenge of slums.</subfield>
  </datafield>
  <datafield tag="520" ind1=" " ind2=" ">
   <subfield code="a">This important new book from one of the world's leading sociologists of sport weaves together social theory, history and political economy to provide a highly original analysis of the complex relationship between sport and modernity. Incorporating a powerful set of theoretical insights from traditions and thinkers ranging from classical Marxism and the Frankfurt School of Foucault and Bourdieu, Gruneau analyzes the emergence of &quot;sport&quot; as a distinctive field of practice in western societies. Examining subjects including the legacy of Greek and Roman antiquity, representations of sports in nineteenth-century England, Nazism, and mode4rn &quot;mega-events&quot; such as the Olympics and World Cup, he seeks to show how sport developed into an arena which articulated competing understandings of the kinds of people, bodies and practices best suited to the modern western world. This book thereby explores with brio and sophistication how the ever-changing economic, social, and political relations of modernity have been produced and reproduced, and sometimes also opposed and escaped, through sport, from the Enlightenment to the rise of neoliberalism, as well as examining how the study of exercise, athletics, the body, and the spectacle of sport can deepen our understanding of the nature of modernity. It will be essential reading for students and scholars of the sociology and history of sport sociology of culture, cultural history, and cultural studies</subfield>
  </datafield>
  <datafield tag="650" ind1=" " ind2="0">
   <subfield code="a">Civilization, Modern</subfield>
   <subfield code="x">Philosophy.</subfield>
  </datafield>
  <datafield tag="650" ind1=" " ind2="0">
   <subfield code="a">Sports</subfield>
   <subfield code="x">Philosophy.</subfield>
  </datafield>
  <datafield tag="650" ind1=" " ind2="0">
   <subfield code="a">Sports</subfield>
   <subfield code="x">Sociological aspects.</subfield>
  </datafield>
  <datafield tag="905" ind1=" " ind2=" ">
   <subfield code="a">FO</subfield>
  </datafield>
  <datafield tag="852" ind1="0" ind2=" ">
   <subfield code="a">UPD</subfield>
   <subfield code="b">DCHK</subfield>
   <subfield code="h">GV 706.5</subfield>
   <subfield code="i">G78 2017</subfield>
  </datafield>
  <datafield tag="942" ind1=" " ind2=" ">
   <subfield code="a">Book</subfield>
  </datafield>
 </record>
</collection>
